书目信息 |
| 题名: |
普通化学
|
|
| 作者: | 廖家耀 主编 | |
| 分册: | ||
| 出版信息: | 北京 科学出版社 2019 |
|
| 页数: | 288页, [1] 叶图版 | |
| 开本: | 26cm | |
| 丛书名: | ||
| 单 册: | ||
| 中图分类: | O6-43 | |
| 科图分类: | ||
| 主题词: | 普通化学--pu tong hua xue--高等学校--教材 | |
| 电子资源: | ||
| ISBN: | 978-7-03-048943-2 | |
| 000 | 01031nam0 2200277 45 | |
| 001 | 012001004191 | |
| 005 | 20191213105451.59 | |
| 010 | @a978-7-03-048943-2@dCNY45.00 | |
| 099 | @aCAL 012016095633 | |
| 100 | @a20160707d2016 em y0chiy50 ea | |
| 101 | 0 | @achi |
| 102 | @aCN@b110000 | |
| 105 | @aaf a 000yy | |
| 106 | @ar | |
| 200 | 1 | @a普通化学@Apu tong hua xue@f廖家耀主编 |
| 205 | @a第2版 | |
| 210 | @a北京@c科学出版社@d2019 | |
| 215 | @a288页, [1] 叶图版@c图@d26cm | |
| 300 | @a普通高等教育“十二五”规划教材 | |
| 320 | @a有书目 | |
| 330 | @a本书分为分散体系、化学反应基本原理、水溶液中的化学平衡和物质结构四篇,共12章,分别介绍了物质的状态与溶液、胶体和乳状液、化学动力学基础、化学热力学基础、化学平衡、酸碱平衡、沉淀溶解平衡、配位离解平衡、氧化还原与电化学基础、原子结构、化学键与分子结构、晶体结构简介等内容。 | |
| 606 | 0 | @a普通化学@Apu tong hua xue@x高等学校@j教材 |
| 690 | @aO6-43@v5 | |
| 701 | 0 | @a廖家耀@Aliao jia yao@4主编 |
| 801 | 0 | @aCN@b上海新华@c20191020 |
| 905 | @b1212632-5@dO6-43@e1078=2@f4 | |
| 普通化学/廖家耀主编.-第2版.-北京:科学出版社,2019 |
| 288页, [1] 叶图版:图;26cm |
| 普通高等教育“十二五”规划教材 |
| ISBN 978-7-03-048943-2:CNY45.00 |
| 本书分为分散体系、化学反应基本原理、水溶液中的化学平衡和物质结构四篇,共12章,分别介绍了物质的状态与溶液、胶体和乳状液、化学动力学基础、化学热力学基础、化学平衡、酸碱平衡、沉淀溶解平衡、配位离解平衡、氧化还原与电化学基础、原子结构、化学键与分子结构、晶体结构简介等内容。 |
| ● |
| 相关链接 |
|
|
|
|
正题名:普通化学
索取号:O6-43/1078=2
 
预约/预借
| 序号 | 登录号 | 条形码 | 馆藏地/架位号 | 状态 | 备注 |
| 1 | 1212632 | 212126322 | 第二样本阅览室/ [索取号:O6-43/1078=2] | 在馆 | |
| 2 | 1212633 | 212126331 | 第三借阅区/ [索取号:O6-43/1078=2] | 在馆 | |
| 3 | 1212634 | 212126340 | 第三借阅区/ [索取号:O6-43/1078=2] | 在馆 | |
| 4 | 1212635 | 212126359 | 第三借阅区/ [索取号:O6-43/1078=2] | 在馆 |